International Trade and Export Management (Record no. 4336)

MARC details
000 -LEADER
fixed length control field 00369nam a2200145Ia 4500
008 - FIXED-LENGTH DATA ELEMENTS--GENERAL INFORMATION
fixed length control field 191201s2008 xx 000 0 und d
082 ## - DEWEY DECIMAL CLASSIFICATION NUMBER
Classification number 658.8
Item number CHI
100 ## - MAIN ENTRY--PERSONAL NAME
Personal name CHERUNILAM,Francis
245 #0 - TITLE STATEMENT
Title International Trade and Export Management
250 ## - EDITION STATEMENT
Edition statement 16th
260 ## - PUBLICATION, DISTRIBUTION, ETC. (IMPRINT)
Place of publication, distribution, etc N.Delhi
Name of publisher, distributor, etc Himalaya Publication House
Date of publication, distribution, etc 2008
300 ## - PHYSICAL DESCRIPTION
Extent 528
650 ## - SUBJECT ADDED ENTRY--TOPICAL TERM
Topical term or geographic name as entry element MBA
942 ## - ADDED ENTRY ELEMENTS (KOHA)
Source of classification or shelving scheme Dewey Decimal Classification
Koha item type Text Books
Holdings
Withdrawn status Lost status Source of classification or shelving scheme Damaged status Not for loan Collection code Home library Current library Date acquired Source of acquisition Cost, normal purchase price Bill Number Total Checkouts Full call number Acc. no. / Barcode Date last seen Date last borrowed Bill Date Koha item type
    Dewey Decimal Classification     MBA PIET C-LIBRARY PIET C-LIBRARY 18/01/2010 J B C, New Delhi 275.00 SI-4063 1 658.8 CHI 14475 20/12/2021 16/12/2021 06/01/2010 Text Books
    Dewey Decimal Classification     MBA PIET C-LIBRARY PIET C-LIBRARY 18/01/2010 J B C, New Delhi 275.00 SI-4063   658.8 CHI 14476 04/12/2019   06/01/2010 Text Books

Design & Developed by: PIET Central Library
R70 Miles Stone Pattikalyana Samalkha Panipat 132102
mail ID :- [email protected], Phone No:- 0180-2569700 Ex.216